[Event "II Festival Server24 A"]
[Site "Ortisei - Sankt Ulrich in Groeden ITA"]
[Date "2013.06.06"]
[Round "6"]
[White "Sundararajan, Kidambi"]
[Black "Bertagnolli, Alexander"]
[WhiteElo "2428"]
[BlackElo "2329"]
[Result "0-1"]
[PlyCount "130"]
[EventDate "2013.06.01"]

1. d4 Nf6 2. c4 e6 3. Nc3 Bb4 4. e3 O-O 5. a3 Bxc3+ 6. bxc3 d6 7. Bd3 e5 8. Ne2
Nc6 9. Ng3 Re8 10. O-O e4 11. Bb1 Na5 12. f3 Nxc4 13. fxe4 Bg4 14. Qd3 Be6 15.
a4 Ng4 16. h3 Qh4 17. Ne2 Nf6 18. Nf4 Nb6 19. Nxe6 Rxe6 20. e5 dxe5 21. Ba2 e4
22. Qb5 c6 23. Qf5 Nbd5 24. Bd2 g6 25. Qf2 Qxf2+ 26. Rxf2 b5 27. Raf1 a6 28. g4
Ra7 29. c4 bxc4 30. Bxc4 h5 31. g5 Ne8 32. Rb1 Nd6 33. Rb8+ Re8 34. Rxe8+ Nxe8
35. Bxd5 cxd5 36. Bb4 Rb7 37. Bc5 f6 38. gxf6 Kf7 39. Rc2 Rb1+ 40. Kg2 Ra1 41.
Be7 Nxf6 42. Bxf6 Kxf6 43. Rc6+ Kg5 44. Rxa6 Ra2+ 45. Kg1 Re2 46. Rd6 Rxe3 47.
Rxd5+ Kf4 48. h4 Ra3 49. Rd6 e3 50. Kf1 Ke4 51. Re6+ Kd3 52. d5 Rxa4 53. d6
Rxh4 54. d7 Rd4 55. Rxg6 Rxd7 56. Ke1 h4 57. Rh6 Rd4 58. Rh8 Rg4 59. Rd8+ Ke4
60. Ke2 Rg2+ 61. Kf1 h3 62. Re8+ Kf3 63. Rf8+ Kg3 64. Rg8+ Kh2 65. Rh8 Rg3 0-1

[Event "II Festival Server24 A"]
[Site "Ortisei - Sankt Ulrich in Groeden ITA"]
[Date "2013.06.06"]
[Round "6"]
[White "Vezzosi, Paolo"]
[Black "Oussedik, Elias"]
[WhiteElo "2274"]
[BlackElo "2058"]
[Result "1-0"]
[PlyCount "109"]
[EventDate "2013.06.01"]

1. d4 e6 2. e4 d5 3. e5 c5 4. c3 Nc6 5. Nf3 Nh6 6. Bd3 cxd4 7. cxd4 Nf5 8. Bxf5
exf5 9. Nc3 Be6 10. Ne2 Be7 11. h4 h6 12. h5 Rc8 13. Bd2 b5 14. Rh3 f4 15. Rh1
Bf5 16. Nxf4 Be4 17. Be3 Nb4 18. Kf1 O-O 19. Ne1 Qd7 20. f3 Bh7 21. Bf2 Qf5 22.
g3 Bg5 23. Qb3 Bxf4 24. Qxb4 Bc1 25. Kg2 Qd7 26. Qb3 Rc4 27. Be3 Bxe3 28. Qxe3
Rfc8 29. Rf1 Bf5 30. Rf2 Qe7 31. g4 Bh7 32. Kg3 R8c6 33. Rd1 b4 34. Ng2 Ra6 35.
Nf4 Qd7 36. Ra1 Rb6 37. Re2 Rcc6 38. Rae1 Ra6 39. Qb3 Rc4 40. e6 fxe6 41. Nxe6
Be4 42. Rxe4 dxe4 43. Qxc4 Qxe6 44. Qxe6+ Rxe6 45. fxe4 Ra6 46. Rc1 Rxa2 47.
Rc8+ Kf7 48. Rc7+ Kf6 49. e5+ Ke6 50. Rxg7 a5 51. g5 hxg5 52. h6 Ra1 53. Kg2
Rd1 54. h7 Rd2+ 55. Kg3 1-0

[Event "II Festival Server24 A"]
[Site "Ortisei - Sankt Ulrich in Groeden ITA"]
[Date "2013.06.06"]
[Round "6"]
[White "Warakomski, Tomasz"]
[Black "Volkov, Sergey"]
[WhiteElo "2488"]
[BlackElo "2613"]
[Result "0-1"]
[PlyCount "118"]
[EventDate "2013.06.01"]

1. e4 e6 2. d4 d5 3. Nc3 Nf6 4. Bg5 Bb4 5. e5 h6 6. Bc1 Nfd7 7. Qg4 Bf8 8. f4
c5 9. Nf3 Nc6 10. Be3 h5 11. Qg3 Ne7 12. Nh4 cxd4 13. Nb5 Nc6 14. Nxd4 Nc5 15.
Nxc6 bxc6 16. Bxc5 Bxc5 17. Qxg7 Rf8 18. Qg3 Rb8 19. b3 Qa5+ 20. Ke2 Bd4 21.
Rd1 c5 22. Rxd4 cxd4 23. Kd1 Qxa2 24. Qd3 Rb4 25. Nf3 Ke7 26. Qd2 Qa1+ 27. Qc1
Qxc1+ 28. Kxc1 d3 29. Bxd3 Rxf4 30. Kd2 h4 31. Ra1 a6 32. h3 Rg8 33. Ke3 Rb4
34. Kf2 Bb7 35. Ra3 f6 36. c3 Rf4 37. Ke3 fxe5 38. Nxe5 Rf6 39. Ng4 Rff8 40.
Ra4 Rc8 41. Kd4 Rc7 42. b4 Kd6 43. c4 dxc4 44. Bxc4 Rf8 45. Bxa6 Bxg2 46. Bd3
Bxh3 47. Ne5 Bf5 48. Ra6+ Ke7 49. Bxf5 Rxf5 50. b5 Rb7 51. b6 Kd6 52. Nc4+ Kc6
53. Ra8 Rd7+ 54. Ke4 Rd1 55. Rc8+ Kb7 56. Rc7+ Kb8 57. Rc6 Re1+ 58. Kd3 Rd5+
59. Kc2 h3 0-1

[Event "II Festival Server24 A"]
[Site "Ortisei - Sankt Ulrich in Groeden ITA"]
[Date "2013.06.07"]
[Round "7"]
[White "Collutiis, Duilio"]
[Black "Nisipeanu, Liviu-Dieter"]
[WhiteElo "2465"]
[BlackElo "2667"]
[Result "1/2-1/2"]
[PlyCount "142"]
[EventDate "2013.06.01"]

1. e4 c6 2. d4 d5 3. exd5 cxd5 4. c4 Nf6 5. Nc3 g6 6. Qb3 Bg7 7. cxd5 O-O 8.
Be2 Na6 9. Bf3 b5 10. a3 Rb8 11. Nge2 b4 12. axb4 Nxb4 13. O-O Ba6 14. Ra4 Bxe2
15. Bxe2 Nfxd5 16. Bf3 e6 17. Qa3 Nc2 18. Qc5 Nb6 19. Rxa7 Nxd4 20. Bd1 Rc8 21.
Qg5 Qxg5 22. Bxg5 Nc4 23. b3 Nb2 24. Ne4 Ra8 25. Rd7 Nxd1 26. Rxd1 Nxb3 27. Be7
Rfc8 28. g3 h6 29. Kg2 Rc4 30. Nd2 Nxd2 31. R1xd2 Rac8 32. h3 R4c7 33. Rxc7
Rxc7 34. Ba3 g5 35. Bb2 Bxb2 36. Rxb2 Rc4 37. Re2 Kg7 38. Re1 h5 39. Re2 Kg6
40. Re5 Ra4 41. Re3 Kf6 42. Rb3 Kg6 43. Re3 Rb4 44. Re5 Rb6 45. Re4 Rb5 46. Ra4
e5 47. Ra6+ f6 48. g4 Rb4 49. Kg3 h4+ 50. Kg2 Rb7 51. Rc6 Kf7 52. Ra6 Ke7 53.
Rc6 Rd7 54. Ra6 Rd6 55. Ra7+ Ke6 56. Ra4 f5 57. gxf5+ Kxf5 58. Ra8 e4 59. Rf8+
Rf6 60. Re8 Kf4 61. Rg8 Rf5 62. Re8 Rc5 63. Rg8 Rf5 64. Re8 Rf6 65. Rg8 Rf7 66.
Re8 g4 67. hxg4 h3+ 68. Kh2 Kxg4 69. Rxe4+ Rf4 70. Rxf4+ Kxf4 71. Kxh3 Kf3
1/2-1/2

[Event "II Festival Server24 A"]
[Site "Ortisei - Sankt Ulrich in Groeden ITA"]
[Date "2013.06.07"]
[Round "7"]
[White "De Santis, Alessio"]
[Black "Sundararajan, Kidambi"]
[WhiteElo "2276"]
[BlackElo "2428"]
[Result "0-1"]
[PlyCount "140"]
[EventDate "2013.06.01"]

1. d4 Nf6 2. c4 e6 3. Nf3 b6 4. g3 Ba6 5. Nbd2 d5 6. cxd5 exd5 7. Bg2 Bd6 8.
O-O O-O 9. b3 Re8 10. Re1 Nbd7 11. Bb2 Qe7 12. e3 c5 13. Nh4 Bd3 14. dxc5 Nxc5
15. b4 Ncd7 16. Qb3 Bg6 17. Nxg6 hxg6 18. a3 Be5 19. Nf3 Bxb2 20. Qxb2 Ne4 21.
Red1 Ndf6 22. Nd2 Nxf2 23. Kxf2 Ng4+ 24. Kf1 Nxe3+ 25. Kg1 Nxd1 26. Rxd1 Qe3+
27. Kh1 Qf2 28. Rf1 Re1 29. Rxe1 Qxe1+ 30. Nf1 Re8 31. Qd4 Re5 32. Kg1 Rf5 33.
Bh3 Qe5 34. Qxe5 Rxe5 35. Kf2 d4 36. Bg4 g5 37. Bd1 f5 38. h3 Kf7 39. Bb3+ Kf6
40. Bc4 b5 41. Bd3 a6 42. Bc2 g6 43. a4 d3 44. Bxd3 bxa4 45. Ne3 a3 46. Nc2 a5
47. Nxa3 axb4 48. Nc4 Re8 49. Bc2 Rh8 50. Kg2 Rc8 51. Bb3 Rd8 52. Na5 Rd2+ 53.
Kg1 Rb2 54. Bg8 Rc2 55. Bb3 Rc3 56. Kg2 Ke5 57. Bf7 Rc5 58. Nb3 Rc2+ 59. Kg1
Rc7 60. Bg8 Ke4 61. Nd2+ Ke3 62. Nc4+ Kf3 63. Kh2 Kf2 64. Ne5 Rc3 65. Bf7 Rxg3
66. Bxg6 g4 67. hxg4 fxg4 68. Nd3+ Rxd3 69. Bxd3 g3+ 70. Kh3 g2 0-1

[Event "II Festival Server24 A"]
[Site "Ortisei - Sankt Ulrich in Groeden ITA"]
[Date "2013.06.07"]
[Round "7"]
[White "Friedrich, Norbert"]
[Black "Herbold, Manfred"]
[WhiteElo "2312"]
[BlackElo "2091"]
[Result "1-0"]
[PlyCount "113"]
[EventDate "2013.06.01"]

1. e4 e6 2. d4 d5 3. Nd2 Nf6 4. e5 Nfd7 5. Bd3 c5 6. c3 Nc6 7. Ne2 cxd4 8. cxd4
f6 9. exf6 Nxf6 10. O-O Bd6 11. Nf3 O-O 12. Bf4 Bxf4 13. Nxf4 Ne4 14. Qc1 Ng5
15. Nxg5 Qxg5 16. Ne2 Qf6 17. Qe3 e5 18. dxe5 Nxe5 19. Nd4 Ng4 20. Qd2 Qh4 21.
h3 Ne5 22. Rae1 Nc6 23. Ne6 Bxe6 24. Rxe6 Nd4 25. Re3 Rf6 26. Be4 dxe4 27. Qxd4
Re8 28. Qd7 Rfe6 29. Qxb7 Qf6 30. Qd5 Kh8 31. Rd1 Rb6 32. b3 Rbb8 33. Rxe4 Red8
34. Qh5 Rf8 35. Qe2 h6 36. Re7 Rf7 37. Rxf7 Qxf7 38. Rd4 Rf8 39. Qd2 Qf6 40. h4
Qb6 41. g3 Qf6 42. Rd7 Rf7 43. Rxf7 Qxf7 44. Qd4 Qc7 45. Kh2 Qa5 46. a4 Qa6 47.
Qc5 Kh7 48. a5 Kh8 49. b4 Kh7 50. Qe7 Kh8 51. Kg1 Kh7 52. Qd7 Kh8 53. Kg2 Kh7
54. h5 Qe2 55. Qxa7 Qe4+ 56. Kh2 Qxb4 57. Qb6 1-0

[Event "II Festival Server24 A"]
[Site "Ortisei - Sankt Ulrich in Groeden ITA"]
[Date "2013.06.07"]
[Round "7"]
[White "Hambleton, Aman"]
[Black "Fierro Baquero, Martha Lorena"]
[WhiteElo "2461"]
[BlackElo "2364"]
[Result "1-0"]
[PlyCount "79"]
[EventDate "2013.06.01"]

1. d4 g6 2. c4 Bg7 3. e4 d6 4. Nc3 Nf6 5. f3 O-O 6. Be3 Nc6 7. Nge2 a6 8. Qd2
Bd7 9. Nc1 Nh5 10. Nb3 a5 11. d5 Ne5 12. Nd4 c5 13. Ndb5 f5 14. exf5 Rxf5 15.
O-O-O Qf8 16. Kb1 Nf4 17. g3 Nxf3 18. Qc1 e5 19. gxf4 exf4 20. Bf2 Rf7 21. Bd3
Ne5 22. Be4 Bg4 23. Rdg1 Re8 24. Qc2 Bh5 25. b3 Nf3 26. Rc1 Be5 27. h4 Qg7 28.
Qd3 Nd4 29. Nxd4 Bxd4 30. Bxd4 Qxd4 31. Nb5 Qf6 32. Qc2 Rfe7 33. Bd3 Bg4 34.
Rhg1 h5 35. Nc3 Kg7 36. Ne4 Rxe4 37. Bxe4 Rxe4 38. Rxg4 hxg4 39. Qxe4 g3 40.
Rf1 1-0

[Event "II Festival Server24 A"]
[Site "Ortisei - Sankt Ulrich in Groeden ITA"]
[Date "2013.06.07"]
[Round "7"]
[White "Koziol, Kamil"]
[Black "Cocchi, Andrea"]
[WhiteElo "2008"]
[BlackElo "2304"]
[Result "0-1"]
[PlyCount "98"]
[EventDate "2013.06.01"]

1. d4 d6 2. e4 g6 3. c4 Bg7 4. Nc3 Nd7 5. Be3 e5 6. d5 Ne7 7. Qd2 f5 8. f3 Nf6
9. Bd3 O-O 10. Nge2 fxe4 11. Nxe4 Nf5 12. Nxf6+ Bxf6 13. Bxf5 gxf5 14. O-O-O
Qe7 15. Nc3 Rd8 16. g4 c5 17. g5 Bg7 18. Rdg1 f4 19. Bf2 Bf5 20. h4 Rf8 21. Ne4
b5 22. h5 Rfb8 23. Nf6+ Kh8 24. Nxh7 e4 25. Qxf4 Bxh7 26. g6 Rf8 27. Qh4 Bh6+
28. Kc2 Qxh4 29. Bxh4 Bg8 30. Bg5 Kg7 31. Be7 Rxf3 32. Bxd6 e3 33. Bxc5 bxc4
34. Bd4+ Kf8 35. g7+ Ke7 36. d6+ Kd7 37. Kd1 Re8 38. Rh2 Re6 39. Bxa7 Rxd6+ 40.
Ke2 Rdf6 41. Rg6 c3 42. Rxf6 Rxf6 43. Kd3 Rf2 44. Rh1 cxb2 45. Bd4 Rd2+ 46. Ke4
Bh7+ 47. Ke5 Bxg7+ 48. Kf4 Rxd4+ 49. Kxe3 b1=Q 0-1

[Event "II Festival Server24 A"]
[Site "Ortisei - Sankt Ulrich in Groeden ITA"]
[Date "2013.06.07"]
[Round "7"]
[White "Krulich, Roman"]
[Black "Rothebarth de Paula, Ana Vitoria"]
[WhiteElo "2229"]
[BlackElo "2006"]
[Result "1-0"]
[PlyCount "120"]
[EventDate "2013.06.01"]

1. e4 e5 2. Nf3 Nc6 3. Bb5 a6 4. Bxc6 dxc6 5. O-O Bd6 6. h3 Ne7 7. c3 c5 8. Na3
b5 9. d3 O-O 10. Bg5 f6 11. Bh4 Ng6 12. Bg3 f5 13. Nc2 Qf6 14. d4 exd4 15. e5
Nxe5 16. Nxe5 Bxe5 17. Bxe5 Qxe5 18. Re1 Qd5 19. cxd4 cxd4 20. Qxd4 Bb7 21.
Qxd5+ Bxd5 22. Re5 Be4 23. Ne3 g6 24. Rc1 Rac8 25. g4 Kg7 26. f3 Bxf3 27. gxf5
Rf7 28. Rf1 Be2 29. f6+ Rxf6 30. Re7+ Kf8 31. Rxf6+ Kxe7 32. Nd5+ Kd7 33. Rxa6
Bc4 34. Nf6+ Ke7 35. Nxh7 Bd3 36. Ng5 Bf5 37. Kf2 Rh8 38. Kg3 Rh5 39. h4 Rh8
40. Ra7 Kd7 41. Nf3 Kc6 42. Nd4+ Kb6 43. Ra3 Bb1 44. Rf3 Bxa2 45. b4 Rd8 46.
Rf6+ Rd6 47. Rxd6+ cxd6 48. Kf4 Bc4 49. Kg5 Bd3 50. Kf6 d5 51. Ke6 Be4 52. Kd6
Bh1 53. Ne2 Bf3 54. Nf4 d4 55. Ke5 d3 56. Nxd3 Kc6 57. Nf4 Bh5 58. Nxh5 gxh5
59. Ke6 Kc7 60. Kd5 Kb6 1-0

[Event "II Festival Server24 A"]
[Site "Ortisei - Sankt Ulrich in Groeden ITA"]
[Date "2013.06.07"]
[Round "7"]
[White "Meertens, Martin"]
[Black "Kleinert, Juergen"]
[WhiteElo "2165"]
[BlackElo "1982"]
[Result "1/2-1/2"]
[PlyCount "43"]
[EventDate "2013.06.01"]

1. e4 e5 2. Nf3 Nc6 3. Bb5 Nd4 4. Nxd4 exd4 5. O-O Bc5 6. d3 c6 7. Bc4 d5 8.
exd5 cxd5 9. Bb3 Ne7 10. Bf4 O-O 11. Nd2 a5 12. Ba4 Ng6 13. Bg3 Bd7 14. Bxd7
Qxd7 15. Re1 Rfe8 16. Nf3 f6 17. Qd2 b6 18. h3 Rxe1+ 19. Rxe1 Kf7 20. Qe2 Bb4
21. Nd2 a4 22. a3 1/2-1/2

[Event "II Festival Server24 A"]
[Site "Ortisei - Sankt Ulrich in Groeden ITA"]
[Date "2013.06.07"]
[Round "7"]
[White "Messina, Roberta"]
[Black "Spornberger, Maximilian"]
[WhiteElo "2020"]
[BlackElo "2257"]
[Result "1-0"]
[PlyCount "119"]
[EventDate "2013.06.01"]

1. e4 g6 2. d4 Bg7 3. f4 c5 4. Nf3 cxd4 5. e5 d6 6. c3 dxe5 7. fxe5 dxc3 8.
Bb5+ Bd7 9. Nxc3 Bxb5 10. Qxd8+ Kxd8 11. Nxb5 a6 12. Nc3 e6 13. Ne4 Nd7 14.
Bg5+ f6 15. exf6 Ngxf6 16. Rd1 Kc8 17. Nd6+ Kb8 18. Bf4 Ka7 19. Be3+ Kb8 20.
Ng5 Nd5 21. Bf2 Bxb2 22. Nxe6 Bc3+ 23. Ke2 N7f6 24. Rb1 Bb4 25. Bc5 Nc3+ 26.
Kd3 Nxb1 27. Rxb1 a5 28. a3 Ra6 29. axb4 Ne8 30. Nf7 Rg8 31. Nd4 a4 32. Ne5 Rg7
33. b5 Rf6 34. Ra1 Nc7 35. Rxa4 Nd5 36. g3 h5 37. Ba7+ Kc8 38. Bc5 Nc7 39. Rc4
Kb8 40. Ba3 g5 41. Rc2 Nd5 42. Ke4 Nc7 43. Nf5 Rh7 44. Bd6 b6 45. Rxc7 Rxc7 46.
Nd7+ Kb7 47. Nxf6 Rc2 48. Nd4 Rxh2 49. g4 Rh4 50. Nf3 Rh1 51. Nxh5 Kc8 52. Ng3
Rb1 53. Nd4 Kd7 54. Be5 Rg1 55. Kf5 Re1 56. Ne4 Ke7 57. Bf6+ Kf8 58. Bxg5 Kg8
59. Bd8 Rf1+ 60. Ke5 1-0

[Event "II Festival Server24 A"]
[Site "Ortisei - Sankt Ulrich in Groeden ITA"]
[Date "2013.06.07"]
[Round "7"]
[White "Popilski, Gil"]
[Black "Boscolo, Federico"]
[WhiteElo "2515"]
[BlackElo "2314"]
[Result "1-0"]
[PlyCount "101"]
[EventDate "2013.06.01"]

1. g3 g6 2. Bg2 Bg7 3. d4 d6 4. Nc3 Nf6 5. e4 O-O 6. Nge2 c6 7. a4 a5 8. h3 e5
9. O-O Qc7 10. Be3 Re8 11. Qd2 Na6 12. Rad1 Nb4 13. g4 d5 14. Ng3 Nxe4 15.
Ngxe4 dxe4 16. dxe5 Bxe5 17. Nxe4 f5 18. f4 Bg7 19. Nd6 Rf8 20. c3 Na6 21. Nxc8
Raxc8 22. Rfe1 fxg4 23. hxg4 Rce8 24. Bf1 Qc8 25. Qd7 Nc7 26. Bc4+ Kh8 27. Kg2
Nd5 28. Qxc8 Nxe3+ 29. Rxe3 Rxc8 30. Kg3 Rfe8 31. Rxe8+ Rxe8 32. Rd7 Rb8 33.
Be6 b5 34. Ra7 bxa4 35. Rxa5 h6 36. Kf3 Rxb2 37. Ra8+ Kh7 38. f5 Bxc3 39. Ra7+
Kh8 40. fxg6 Bg7 41. Ra8+ Bf8 42. Rxf8+ Kg7 43. Rg8+ Kf6 44. Bf5 a3 45. Ra8 a2
46. Ra7 h5 47. Kf4 Rf2+ 48. Kg3 Rb2 49. g7 Rb8 50. Bh7 a1=Q 51. g5+ 1-0

[Event "II Festival Server24 A"]
[Site "Ortisei - Sankt Ulrich in Groeden ITA"]
[Date "2013.06.07"]
[Round "7"]
[White "Roesch, Mario"]
[Black "Panjkovic, Aleksandar"]
[WhiteElo "2045"]
[BlackElo "2147"]
[Result "1/2-1/2"]
[PlyCount "99"]
[EventDate "2013.06.01"]

1. e4 c5 2. Nf3 Nc6 3. Bb5 g6 4. Bxc6 dxc6 5. h3 Bg7 6. d3 Nf6 7. Nbd2 Nd7 8.
O-O e5 9. a4 b6 10. Nc4 Qe7 11. Rb1 O-O 12. c3 Ba6 13. b4 Bxc4 14. dxc4 Rfd8
15. Qe2 Nf8 16. Bg5 f6 17. Be3 Ne6 18. g3 Rd7 19. b5 cxb5 20. axb5 Nd8 21. Rfd1
Nb7 22. Rd5 Rad8 23. Kg2 h6 24. h4 Nd6 25. Bd2 Qe6 26. Re1 Qg4 27. Bc1 Ne8 28.
Red1 Nc7 29. Rxd7 Rxd7 30. Rxd7 Qxd7 31. Qd2 Qxd2 32. Bxd2 Ne8 33. Be3 f5 34.
Nd2 Nd6 35. f3 h5 36. Kh3 Kh7 37. g4 hxg4+ 38. fxg4 fxg4+ 39. Kxg4 Bh6 40. Bg5
Kg7 41. Kg3 Nf7 42. Nf3 Bxg5 43. hxg5 Kf8 44. Kf2 Ke7 45. Ke3 Ke6 46. Kd3 Nd6
47. Nh4 Kf7 48. Nf3 Ke6 49. Nh4 Kf7 50. Nf3 1/2-1/2

[Event "II Festival Server24 A"]
[Site "Ortisei - Sankt Ulrich in Groeden ITA"]
[Date "2013.06.07"]
[Round "7"]
[White "Saravanan, Venkatachalam"]
[Black "Warakomski, Tomasz"]
[WhiteElo "2371"]
[BlackElo "2488"]
[Result "0-1"]
[PlyCount "82"]
[EventDate "2013.06.01"]

1. Nf3 Nf6 2. c4 e6 3. Nc3 d5 4. d4 c5 5. cxd5 Nxd5 6. e3 Nc6 7. Bd3 cxd4 8.
exd4 Be7 9. O-O O-O 10. Re1 Re8 11. a3 Bd7 12. Bc2 Rc8 13. Qd3 g6 14. Bd2 Ndb4
15. axb4 Nxb4 16. Qe4 f5 17. Qxb7 Nxc2 18. Rxa7 Nxe1 19. Nxe1 Bc6 20. Qb3 Bc5
21. dxc5 Qxd2 22. Qd1 Qxd1 23. Nxd1 Ra8 24. Rc7 Bd5 25. Ne3 Ra1 26. Kf1 f4 27.
N3c2 Bc4+ 28. Kg1 Rb1 29. h4 Bb3 30. Kh2 Rxb2 31. Nd4 Bd5 32. Ndf3 Rb7 33. Rxb7
Bxb7 34. Ne5 Rc8 35. N1d3 Ba6 36. Nxf4 Rxc5 37. Nd7 Rf5 38. Nxe6 Bc8 39. Nec5
Kf7 40. f4 Bxd7 41. Nxd7 Rxf4 0-1

[Event "II Festival Server24 A"]
[Site "Ortisei - Sankt Ulrich in Groeden ITA"]
[Date "2013.06.07"]
[Round "7"]
[White "Solomon, Kenny"]
[Black "Curien, Nicolas"]
[WhiteElo "2414"]
[BlackElo "2204"]
[Result "1-0"]
[PlyCount "165"]
[EventDate "2013.06.01"]

1. d4 e6 2. c4 Bb4+ 3. Nc3 c5 4. e3 Nc6 5. Nf3 d6 6. Bd2 Nf6 7. Bd3 O-O 8. O-O
e5 9. d5 Ne7 10. Ne1 Ng6 11. f3 Ne8 12. f4 f5 13. a3 Bxc3 14. Bxc3 e4 15. Be2
Nf6 16. h3 Bd7 17. b4 b6 18. Rf2 Qc7 19. Bf1 Rfb8 20. Rc1 a5 21. Rb2 axb4 22.
axb4 Ra3 23. Qd2 Rba8 24. Rcb1 Bc8 25. Be2 Kf7 26. g3 Ra1 27. Kh2 Rxb1 28. Rxb1
Ra3 29. Bd1 Qa7 30. Bb3 Qc7 31. Qb2 Ra8 32. Bd1 Qa7 33. Bb3 Qc7 34. Qd2 Nf8 35.
Qb2 Ng6 36. Ng2 Qa7 37. b5 Qe7 38. Rf1 Ra7 39. Bd1 Kf8 40. Kg1 Kf7 41. Bb3 Ra8
42. Ne1 Ra7 43. Nc2 Ra8 44. Ne1 Bd7 45. Rf2 Bc8 46. Ng2 Bd7 47. Rf1 Bc8 48. Kf2
Bd7 49. Bc2 Bc8 50. Bb3 Bd7 51. Qc2 Ra3 52. Bb2 Ra8 53. Kg1 Bc8 54. Qe2 Bd7 55.
Ne1 Bc8 56. Nc2 Ra7 57. Kh1 Ra8 58. Rg1 Ra7 59. Na3 Ra8 60. Nb1 Ra7 61. Nc3 Qd8
62. Kg2 Ra8 63. Kf1 Ra7 64. Ke1 Ra8 65. Kd1 Ra7 66. Kc1 Ra8 67. Kb1 Qe7 68. Na4
Rb8 69. Bd1 Bd7 70. g4 Rb7 71. Qe1 Ne8 72. gxf5 Bxf5 73. Rg5 Bd7 74. Qg3 Kf8
75. Bh5 Nf6 76. Bxg6 hxg6 77. Rxg6 Qf7 78. Bxf6 gxf6 79. f5 Bxf5 80. Qxd6+ Ke8
81. Rxf6 Qg7 82. Qe5+ Kd8 83. Rd6+ 1-0

[Event "II Festival Server24 A"]
[Site "Ortisei - Sankt Ulrich in Groeden ITA"]
[Date "2013.06.07"]
[Round "7"]
[White "Szczepkowska-Horowska, Karina"]
[Black "Kveinys, Aloyzas"]
[WhiteElo "2375"]
[BlackElo "2479"]
[Result "0-1"]
[PlyCount "90"]
[EventDate "2013.06.01"]

1. e4 c5 2. Nf3 e6 3. d4 cxd4 4. Nxd4 a6 5. Nc3 Qc7 6. Be2 Nf6 7. O-O Nc6 8.
Be3 Bb4 9. Na4 Be7 10. Nxc6 bxc6 11. Nb6 Rb8 12. Nxc8 Qxc8 13. Bd4 Qc7 14. e5
Nd5 15. c4 Nf4 16. Bf3 O-O 17. b3 c5 18. Bc3 d6 19. exd6 Bxd6 20. Qd2 Ng6 21.
g3 Be5 22. Bxe5 Nxe5 23. Bg2 Rfd8 24. Qe2 Nd7 25. f4 Nf6 26. f5 e5 27. Rae1 e4
28. Qe3 Rd4 29. Qf4 Qxf4 30. Rxf4 h5 31. h3 a5 32. Kf2 a4 33. Bxe4 axb3 34.
axb3 Rxb3 35. g4 Rxh3 36. g5 Rd2+ 37. Kg1 Rg3+ 38. Kh1 Rxg5 39. Bf3 Rf2 40. Re2
Rf1+ 41. Kh2 Kh7 42. Re7 Kh6 43. Rc7 Rf2+ 44. Kh3 Rg1 45. Rxf7 Nh7 0-1

[Event "II Festival Server24 A"]
[Site "Ortisei - Sankt Ulrich in Groeden ITA"]
[Date "2013.06.07"]
[Round "7"]
[White "Zucchelli, Massimo"]
[Black "Levin, Felix"]
[WhiteElo "2186"]
[BlackElo "2497"]
[Result "0-1"]
[PlyCount "80"]
[EventDate "2013.06.01"]

1. d4 Nf6 2. c4 e6 3. Nf3 d5 4. cxd5 exd5 5. Nc3 Bb4 6. Bg5 h6 7. Bh4 g5 8. Bg3
Ne4 9. Rc1 h5 10. h4 Nxg3 11. fxg3 Bd6 12. hxg5 Bxg3+ 13. Kd2 c6 14. e3 Bf5 15.
Bd3 Bxd3 16. Kxd3 Na6 17. Rh3 h4 18. Qh1 Rf8 19. a3 Qe7 20. Nxh4 Qxg5 21. Nf3
Qg6+ 22. Kd2 O-O-O 23. Rh6 Qg8 24. Qh3+ Kb8 25. Rh5 f6 26. Nh4 Bxh4 27. Rxh4
Nc7 28. Rf1 Ne8 29. Rg4 Qf7 30. Rgf4 Qe7 31. Qf3 Nd6 32. Nd1 Ne4+ 33. Kc1 c5
34. Nf2 Ng5 35. Qg3 Ka8 36. Kb1 c4 37. Rc1 Rd6 38. e4 dxe4 39. Rxc4 e3 40. Nd3
Ne4 0-1

[Event "II Festival Server24 A"]
[Site "Ortisei - Sankt Ulrich in Groeden ITA"]
[Date "2013.06.08"]
[Round "8"]
[White "Boscolo, Federico"]
[Black "Burrows, Martin P."]
[WhiteElo "2314"]
[BlackElo "2137"]
[Result "1/2-1/2"]
[PlyCount "43"]
[EventDate "2013.06.01"]

1. e4 e6 2. d4 d5 3. Nd2 Nf6 4. e5 Nfd7 5. c3 c5 6. Bd3 Nc6 7. Ngf3 Be7 8. O-O
g5 9. dxc5 Nxc5 10. Bc2 g4 11. Nd4 Nxe5 12. Qe2 Bd6 13. f4 Ng6 14. g3 Bd7 15.
a4 a5 16. b3 Qb6 17. Ba3 O-O 18. f5 e5 19. fxg6 hxg6 20. Qf2 exd4 21. Qxd4 Qc7
22. c4 1/2-1/2

[Event "II Festival Server24 A"]
[Site "Ortisei - Sankt Ulrich in Groeden ITA"]
[Date "2013.06.08"]
[Round "8"]
[White "Burmakin, Vladimir"]
[Black "Bertagnolli, Alexander"]
[WhiteElo "2575"]
[BlackElo "2329"]
[Result "0-1"]
[PlyCount "92"]
[EventDate "2013.06.01"]

1. Nf3 Nf6 2. g3 b6 3. Bg2 Bb7 4. O-O g6 5. c4 Bg7 6. d4 O-O 7. Re1 d6 8. d5 c6
9. Nc3 cxd5 10. cxd5 Na6 11. Nd4 Qd7 12. Bg5 Rfc8 13. Rc1 h6 14. Bxf6 Bxf6 15.
Qd2 Kh7 16. h4 Qe8 17. h5 Qh8 18. hxg6+ fxg6 19. Ne6 Bxc3 20. bxc3 Nc5 21. Nd4
Re8 22. e4 e5 23. dxe6 Rad8 24. Bh3 Nxe4 25. Qe3 Re7 26. f4 Qf6 27. Rf1 Kg8 28.
Bg2 d5 29. f5 Ng5 30. g4 gxf5 31. gxf5 Ba6 32. Rf4 Rg7 33. Kh2 Bc4 34. a3 Kh7
35. Re1 Rdg8 36. Bh1 Ne4 37. Bxe4 dxe4 38. Qxe4 Qg5 39. f6+ Rg6 40. Rg4 Qxg4
41. Qxg4 Rxg4 42. Nf5 R4g5 43. Nh4 Rf8 44. e7 Re8 45. Nf3 Rh5+ 46. Kg3 Kg6 0-1

[Event "II Festival Server24 A"]
[Site "Ortisei - Sankt Ulrich in Groeden ITA"]
[Date "2013.06.08"]
[Round "8"]
[White "Cocchi, Andrea"]
[Black "Solomon, Kenny"]
[WhiteElo "2304"]
[BlackElo "2414"]
[Result "1-0"]
[PlyCount "137"]
[EventDate "2013.06.01"]

1. e4 e5 2. Bc4 Nf6 3. d3 Bc5 4. Nc3 c6 5. Nf3 d6 6. h3 O-O 7. O-O Nbd7 8. a3
Bb6 9. Re1 h6 10. Ba2 Re8 11. Be3 Ba5 12. b4 Bc7 13. Qd2 Nf8 14. d4 exd4 15.
Bxd4 Be6 16. Bxe6 Rxe6 17. Nh2 N8h7 18. Re2 d5 19. e5 Ne4 20. Nxe4 dxe4 21.
Rxe4 Bxe5 22. Qd3 Bxh2+ 23. Kxh2 Ng5 24. Rxe6 Nxe6 25. Rd1 Qd6+ 26. Qg3 Qxg3+
27. Kxg3 Rd8 28. c3 f5 29. Kf3 Kf7 30. Ke3 b6 31. Rd3 Rd7 32. Be5 Rxd3+ 33.
Kxd3 b5 34. c4 a6 35. cxb5 cxb5 36. f3 g6 37. g4 Ke7 38. gxf5 gxf5 39. Ke3 Kf7
40. f4 Kg6 41. Bd6 Kf6 42. Kd3 Kf7 43. Ke3 Ke8 44. Be5 Kd7 45. Kd3 Kc6 46. Ke3
Kd5 47. Kd3 h5 48. Bb8 Nf8 49. Ba7 Ng6 50. Be3 Nh4 51. Bc1 Nf3 52. Ke3 Ne1 53.
Bd2 Nc2+ 54. Kf3 h4 55. Bc1 Nd4+ 56. Ke3 Nc6 57. Kd3 Ne7 58. Be3 Ng6 59. Bd2
Nf8 60. Be1 Ne6 61. Ke3 Kc4 62. Bxh4 Kb3 63. Be7 Kxa3 64. h4 Ng7 65. Kd4 Ka4
66. Ke5 a5 67. bxa5 Kxa5 68. Kf6 Nh5+ 69. Kg5 1-0

[Event "II Festival Server24 A"]
[Site "Ortisei - Sankt Ulrich in Groeden ITA"]
[Date "2013.06.08"]
[Round "8"]
[White "Codenotti, Marco"]
[Black "Popilski, Gil"]
[WhiteElo "2390"]
[BlackElo "2515"]
[Result "0-1"]
[PlyCount "86"]
[EventDate "2013.06.01"]

1. e4 c5 2. Nf3 d6 3. d4 cxd4 4. Nxd4 Nf6 5. Nc3 a6 6. Be3 e5 7. Nf3 Qc7 8. a4
Be6 9. Be2 h6 10. O-O Nbd7 11. a5 Be7 12. Nh4 O-O 13. Nf5 Rfe8 14. Nxe7+ Rxe7
15. f4 exf4 16. Bxf4 Qc5+ 17. Kh1 Ne5 18. Bxh6 Neg4 19. Bxg4 Nxg4 20. Nd5 Ree8
21. b4 Nf2+ 22. Rxf2 Qxf2 23. Be3 Qh4 24. Nc7 Qxe4 25. Qd4 Qxc2 26. Nxa8 Rxa8
27. Qxd6 Rc8 28. Bc5 Bf5 29. Qd1 Qb2 30. Qc1 Qe5 31. Qe1 Be4 32. Rd1 Rc6 33.
Qg3 Qf5 34. Be3 Qh5 35. Rd8+ Kh7 36. Qg5 Qxg5 37. Bxg5 Rg6 38. h4 f6 39. Be3
Rxg2 40. Bb6 Kg6 41. Rd4 Bc6 42. Bc5 Kh5 43. Rd6 Rd2+ 0-1

[Event "II Festival Server24 A"]
[Site "Ortisei - Sankt Ulrich in Groeden ITA"]
[Date "2013.06.08"]
[Round "8"]
[White "Fierro Baquero, Martha Lorena"]
[Black "Zucchelli, Massimo"]
[WhiteElo "2364"]
[BlackElo "2186"]
[Result "1-0"]
[PlyCount "85"]
[EventDate "2013.06.01"]

1. e4 e6 2. Nf3 d5 3. Nc3 d4 4. Ne2 Nf6 5. d3 c5 6. g3 Nc6 7. Bg2 e5 8. O-O Bd6
9. h3 O-O 10. c3 a5 11. a4 b6 12. cxd4 cxd4 13. Nexd4 Nxd4 14. Nxd4 exd4 15. e5
Bxh3 16. exf6 Bxg2 17. fxg7 Re8 18. Kxg2 Be5 19. Qh5 Qd5+ 20. Kg1 Qd6 21. Bd2
Bxg7 22. Rae1 Qc6 23. Qg4 Qg6 24. Qf3 h5 25. Kg2 h4 26. g4 Rac8 27. Rxe8+ Rxe8
28. Rc1 Be5 29. Re1 Kg7 30. Kh3 Re6 31. Qf5 Bf6 32. Qxg6+ Kxg6 33. Rxe6 fxe6
34. f4 Bd8 35. b3 Be7 36. Bc1 Bd8 37. Bb2 Bf6 38. Ba3 e5 39. fxe5 Bg5 40. Bb2
Be3 41. Kxh4 Kf7 42. Ba3 Ke6 43. Bd6 1-0